000
00263cam a22000977a 4500
008
180718b1966 xxu||||| |||| 00| 0 eng d
082
_a
G93203x42 Un3b/1966
245
_a
Criminal law bill as amended in committee
260
_a
London
_b
H.M.S.O.
_c
1966
300
_a
31+p
999
_c
491324
_d
491324